| 000 | 00634nam a2200229Ia 4500 | ||
|---|---|---|---|
| 003 | OSt | ||
| 005 | 20220923214835.0 | ||
| 006 | a|||||r|||| 00| 0 | ||
| 007 | ta | ||
| 008 | 220922b |||||||| |||| 00| 0 hin d | ||
| 024 | _a173,242 | ||
| 037 | _cTextual | ||
| 040 |
_aARTS _cARTS _bhin |
||
| 041 |
_2hin _ahin |
||
| 082 | _aO152:6b2;N5, J0 | ||
| 100 |
_aजिज्ञासु _9156277 |
||
| 245 | 0 | _aहिंदी गद्य का विकास | |
| 246 | _aHiandī gadya kā vikāsa | ||
| 260 | _c1950 | ||
| 942 |
_hO152:6b2;N5, J0 _cTEXL _2CC |
||
| 999 |
_c327149 _d327149 |
||